| 000 | 004830000a22001570004500 | ||
|---|---|---|---|
| 090 |
_aAR _b02765 |
||
| 245 | 1 | 0 | _aIllustrations of Heliconius (<Nymphalidae>): some rare and important specimens |
| 650 | 1 | 4 |
_aMariposas _993025 |
| 650 | 1 | 4 |
_aEntomología _94483 |
| 650 | 1 | 4 |
_aTaxonomía animal _98245 |
| 653 | _gHeliconius | ||
| 041 | 0 | _aInglés | |
| 100 | 1 |
_aTurner, John R. G. _995530 |
|
| 942 | _cARTICULO | ||
| 773 | 1 |
_tJournal of the Lepidopterists Society _3547 _h2 _q130-136 _d1973 _g27 |
|
| 999 |
_c11826 _d11826 |
||